000 00532nam a22002297a 4500
003 UA-OsUOA
001 43467
007 ta
008 20090711b un ||||| |||| 00| 0 ukr d
100 _aDuncan Albert
090 _a82-94
942 _cBK
040 _aUA-OsUOA
_beng
_cUA-OsUOA
_dUA-OsUOA
245 _aThe Old Prater Mill
300 _a70 с.
955 _a4
041 _aeng
080 _a82-94
260 _aFlint
_c1990
650 7 _a82 Література. Літературознавство
_2UDC
999 _c441942
_d441942